| 000 | 00360nam a22001337a 4500 | ||
|---|---|---|---|
| 082 |
_a620.11 _bSTR _cL-21, P-32 |
||
| 100 |
_aHir Majesty Statinary office _940737 |
||
| 245 | _aStrength and Testion of Materials | ||
| 250 | _aVol,6.Part -2 | ||
| 300 |
_a244p. : _bills. ; |
||
| 526 |
_a0 _b0 _c0 _d620_110000000000000_STR |
||
| 650 |
_aMCE _9379 |
||
| 942 |
_2ddc _cBK |
||
| 999 |
_c544992 _d544992 |
||